000 01667nam a22003497a 4500
001 102319
003 KnowledgeUnlatched
005 20210303105026.0
006 m o d
007 cr u||||||||||
008 210129p20182019mau o u00| u eng d
037 _5BiblioBoard
245 0 0 _aDaily Life for the Common People of China
_cRonald Suleski.
020 _a9789004361027
029 1 _ahttps://library.biblioboard.com/ext/api/media/aaa33d25-ec97-4740-ac7b-1b0ca4cc02a2/assets/thumbnail.jpg
040 _aScCtBLL
_cScCtBLL
100 1 _aSuleski, Ronald
_eauthor.
264 1 _bBrill,
300 _a1 online resource (1 p.)
506 0 _aAccess copy available to the general public.
_fUnrestricted
_2star
520 _aIn this book Ronald Suleski introduces a new category of source material, ''chaoben'' ??, for understanding the lives of China's semi-literate masses before 1950. It links the documents now flooding the antiques markets in China, with the hopes and fears of China's people at the end of the pre-modern era.
588 0 _aDescription based on print version record.
590 _aKU Select 2018: HSS Frontlist Books
650 7 _aHistory / Asia / China
_2bisacsh
650 0 _aHistory
655 0 _aElectronic books.
758 _iIs found in:
_aKnowledge Unlatched
_1https://openresearchlibrary.org/module/2774bc74-146a-484f-a7ba-ab1d6a09bbfb
856 4 0 _uhttps://openresearchlibrary.org/content/aaa33d25-ec97-4740-ac7b-1b0ca4cc02a2
_zView this content on Open Research Library.
_70
999 _c33300
_d33300